| 000 | 01442cam a2200409 a 4500 | ||
|---|---|---|---|
| 001 | 20712 | ||
| 003 | VRT | ||
| 005 | 20260130123735.0 | ||
| 008 | 250414s1994 xo g 0000f slo | ||
| 015 | _aSNBA1994/12 | ||
| 020 | _a8022005592 | ||
| 035 | _aSNK000019836 | ||
| 035 | _aurn:nbn:sk:snk-amjb1b | ||
| 035 | _aurn:nbn:sk:snk-am003m61 | ||
| 035 | _a0625A398-E81C-46C3-9220-89320A360A15 | ||
| 039 | 9 |
_a202504141420 _bVLOAD _c202407301054 _dcsnkv15 _c202407301044 _dAUTHORITY _c202403181724 _dVLOAD |
|
| 040 |
_aSNK _bslo _cSNK _eAACR2 |
||
| 041 | 1 |
_aslo _heng |
|
| 044 |
_axo _cSK |
||
| 080 |
_a820 (73)-3 _21981 |
||
| 100 | 1 |
_aClark, Mary Higgins, _d1929-2020 _4aut |
|
| 240 | 1 | 2 |
_aA Stranger is Watching _lSlovensky |
| 245 | 1 | 0 |
_aNiekto sa pozerá _cMary Higgins-Clark ; [z anglického originálu preložila Zuzana Vilikovská ; ilustrácie: Jana Šebestová] |
| 250 | _a1. vyd. | ||
| 260 |
_aBratislava _bSlovenský spisovateľ _c1994 |
||
| 300 |
_a178 s. _c20 cm |
||
| 490 | 1 | _aZelená knižnica | |
| 700 | 1 |
_aVilikovská, Zuzana _4trl |
|
| 700 | 1 |
_aŠebestová, Jana _4ill |
|
| 830 | 0 | _aZelená knižnica | |
| 942 |
_2ddc _cKLDO _n0 |
||
| 949 |
_617A0026644 _9P60, <04>, [BOOK], {604} _asnkSD 66782 D1 |
||
| 949 |
_617A0170536 _9P60, <03>, [BOOK], {603} _asnkSD 66782 |
||
| 949 |
_6273K0211533 _asvkpoA 163790 _bsvkpo404930 _oPV 4325/94 |
||
| 999 |
_c20712 _d20712 |
||